000 00659nam a2200277Ia 4500
005 20260324143210.0
008 008 260324s9999 xx 000 0 eng d
020 _a9780203772850
037 _aEBOOK
040 _aCRL
040 _beng
040 _cCRL
041 _2eng
041 _aeng
084 _qCRL
100 _aTimothy A. Salthouse
_91214750
245 0 _aMechanisms of Age-cognition Relations in Adulthood
260 _bTaylor and Francis
260 _c1992
365 _a
365 _b220
856 _uhttp://www.taylorfrancis.com/books/9780203772850
942 _cEBOOK
999 _c1819868
_d1819868